Setevyje sredstva logičeskogo projektirovanija abonentskich sistem Na baze Mikro-EVM semejstva - elektronika NC
Salvato in:
| Autore principale: | |
|---|---|
| Altri autori: | , |
| Natura: | Libro |
| Lingua: | russo |
| Pubblicazione: |
Riga
Zinatne
1986
|
| Edizione: | 1. izd. |
| Tags: |
Nessun Tag, puoi essere il primo ad aggiungerne!!
|
MARC
| LEADER | 00000nam a2200000 4500 | ||
|---|---|---|---|
| 001 | c039871 | ||
| 005 | 20221220074139.3 | ||
| 041 | 0 | |a rus | |
| 044 | |a LV | ||
| 245 | 1 | 0 | |a Setevyje sredstva logičeskogo projektirovanija abonentskich sistem |b Na baze Mikro-EVM semejstva - elektronika NC |c Vladimir Vital'jevič Pirogov, Nikolaj Aleksejevič Smirnov, Sergej Feliksovič Gajsterov |
| 250 | |a 1. izd. | ||
| 264 | 1 | |a Riga |b Zinatne |c 1986 | |
| 300 | |a 157 s. | ||
| 100 | 1 | |a Pirogov, Vladimir Vital'jevič | |
| 700 | 1 | |a Smirnov, Nikolaj Aleksejevič | |
| 700 | 1 | |a Gajsterov, Sergej Feliksovič | |